000 00698nam a2200217Ia 4500
001 9190
003 GE_BSU
008 181216s||||||||xx |||||||||||||| ||und||
040 _cGE_BSU
100 _aლორთქიფანიძე,გიორგი
245 _aუკანასკნელი ცრემლი
245 _bრომანი. წ.2
245 _cრედ.ა.შონია, მხატვ.დ.დუნდუა
260 _aთბილისი
260 _bსახელგამი
260 _c1962
300 _a444გვ.21სმ.
653 _aრომანი
653 _aუკანასკნელი ცრემლი
942 _cBK
999 _c42493
_d42493